• 首页
  • 本馆介绍
  • 公告通知
  • 最新文献
  • 馆藏检索
  • 电子资源
  • 读者导购
  • 参考咨询
  • 我的图书馆
  • 登录
  • 详细信息显示
  • 放入我的书架
  • 预约/预借图书
  • 作者相关作品
  • 分类相关作品
  • 丛书相关作品
  • 出版社相关作品

书目信息

  • 表格格式
  • 工作单格式
  • 卡片格式
题名:
英语等级考试(PETS)教程
    
 
作者: 李玉麟 主编
分册: 下  
出版信息: 青岛   青岛海洋大学出版社  2000
页数: 313页
开本: 26cm
丛书名:
单 册:
中图分类: H310.4
科图分类:
主题词: 英语--试题
电子资源:
ISBN: 7-81067-137-5
000 00582nam0 2200193 45
001 0195013957
005 20070620113326.84
010    @a7-81067-137-5@dCNY19.00
100    @a19950424d2000 y0chiy0121 ea
101 0  @achi@aeng
105    @ay g 000yyr
200 10 @a英语等级考试(PETS)教程@Aying yu deng ji kao shi(PETS)jiao cheng@h下@f李玉麟主编@Fli yu lin zhu bian
210    @a青岛@c青岛海洋大学出版社@d2000
215    @a313页@d26cm
606    @a英语@x试题
690    @aH310.4@v三版
701  0 @a李玉麟@Ali yu lin@4主编
801  0 @aCN@bTSSF@c20070620
905    @a10447@dH310.4@e1093:2
    
    英语等级考试(PETS)教程.下/李玉麟主编.-青岛:青岛海洋大学出版社,2000
    313页;26cm
    
    
    ISBN 7-81067-137-5:CNY19.00
    
●
相关链接 在E读中查询图书 在五车中查询图书 在当当中查询图书 在豆瓣中查询图书


正题名:英语等级考试(PETS)教程     索取号:H310.4/1093:2         预约/预借

序号 登录号 条形码 馆藏地/架位号 状态 备注
1 0655092   206550926   第二样本阅览室/ [索取号:H310.4/1093:2] 在馆    
2 0655093   206550935   第四借阅区/ [索取号:H310.4/1093:2] 在馆    
唐山师范学院图书馆 欢迎您!
大连网信软件有限公司© 版权所有